| 000 | 00000nam##2200000za#4500 |
| 001 | 9.615358 |
| 003 | CaOODSP |
| 005 | 20200514165623 |
| 007 | ta |
| 008 | 150406|2000||||xxc||||| f|0| 0 eng|d |
| 040 | |aCaOODSP|beng |
| 043 | |an-cn--- |
| 086 | 1 |aNH18-23/68E |
| 110 | 2 |aCanada Mortgage and Housing Corporation. |
| 245 | 10|aHomeownership education and counselling : |ban examination of U.S. experience and its relevance for Canada |
| 260 | |aOttawa - Ontario : |bCanada Mortgage and Housing Corporation |c2000. |
| 300 | |a8p. ; |c28 cm. |
| 490 | 1 |aResearch highlight. Socio-economic series|v68 |
| 563 | |aPamphlet |
| 590 | |a00-42|b2000-10-20 |
| 690 | 07|aHousing|2gcpds |
| 690 | 07|aPurchasing|2gcpds |
| 775 | 08|tL'éducation et l'orientation pour l'accession à la propriété : |w(CaOODSP)9.625454 |
| 776 | 0#|tHomeownership education and counselling : |w(CaOODSP)9.571747 |
| 830 | #0|aResearch highlight. Socio-economic series ;|v68|w(CaOODSP)9.514827 |
| 986 | |aNHA 2266 |